Fisiología del ejercicio físico y el entrenamiento

Guardat en:
Dades bibliogràfiques
Autor principal: Barbany Cairó, Joan Ramón (Autor)
Format: Llibre
Idioma:espanyol
Publicat: Barcelona Paidotribo 2006
Edició:2a. ed
Matèries:
Etiquetes: Afegir etiqueta
Sense etiquetes, Sigues el primer a etiquetar aquest registre!

MARC

LEADER 00000nam a2200000 a 4500
001 UCG3416
003 CL-VaPUC
008 100826e20060000SP |||||||||||||||||spa|d
020 |a 8480195894 
082 0 4 |a 613.7  |b BAR  |2 21 
100 0 |a Barbany Cairó, Joan Ramón  |e author  |9 552545 
245 1 0 |a Fisiología del ejercicio físico y el entrenamiento 
250 |a 2a. ed 
300 |a 186 p 
942 |c BK 
945 |d 20100826 00:00:00  |a mfarfan 
260 |a Barcelona  |b Paidotribo  |c 2006 
650 7 |a FISIOLOGIA DEPORTIVA  |2 CL-VaPUC  |9 485014 
650 0 |a Actividad física  |9 362156 
650 7 |a ENTRENAMIENTO FISICO  |2 CL-VaPUC  |9 307393 
583 |a last modification  |c 20100826 00:00:00  |k Rodrigo Vera 
999 |c 342484  |d 342482 
952 |0 0  |1 0  |4 0  |6 613_700000000000000_BAR_2006  |7 0  |8 C  |9 438693  |a BIBCUR  |b BIBCUR  |d 2019-11-22  |i 4712501  |o 613.7 BAR 2006  |p 4712501  |r 2025-04-22  |w 2019-11-22  |y BK  |k DEN